| 000 | 00404nam a22001337a 4500 | ||
|---|---|---|---|
| 008 | 170323b xxu||||| |||| 00| 0 eng d | ||
| 050 | _aKJC5132.A53 E975(1986 vol.8) | ||
| 245 |
_aEuropean human rights reports. / _cedited by P. J. Duffy. |
||
| 260 |
_aLondon: _bEuropean Law Centre., _c1986. |
||
| 300 |
_axxxiii, 540p.: _c25cm. |
||
| 440 |
_vvol.8 _x02604868 |
||
| 800 | _aDuffy, P. J. | ||
| 942 |
_2lcc _cBK |
||
| 999 |
_c6343 _d13843 |
||